| 000 | 00428nam a2200181Ia 4500 | ||
|---|---|---|---|
| 008 | 230524s9999 xx 000 0 und d | ||
| 020 | _a8185015848 | ||
| 082 |
_a530 _bFEY |
||
| 100 | _aR.P.Feynman | ||
| 245 | 4 | _aThe Feynman Lectures on Physics Vol-3 | |
| 250 | _a1ST | ||
| 260 |
_aNEW DELHI _bNarosa _c1998 |
||
| 300 | _a97+1820 | ||
| 500 | _aQuantity Number: 4 | ||
| 650 | _aPhysics | ||
| 700 | _a?et.al | ||
| 942 | _cBK | ||
| 999 |
_c25616 _d25616 |
||